|
|
|
|
| LEADER |
00707nam a22002052a 4500 |
| 001 |
001374979 |
| 003 |
CZ BrMZK |
| 005 |
20150324124729.0 |
| 007 |
ta |
| 008 |
140319s1963 xo er|||||||||||slo d |
| 040 |
|
|
|a ABA001
|b cze
|c ABA001
|d ABA001
|d BOA001
|
| 100 |
1 |
|
|a Sziráky, Judith,
|d 1904-1992
|7 xx0019372
|4 aut
|
| 245 |
1 |
0 |
|a Zsuzska meg a kismacska /
|c Judith Sziráky, Emma Heinzelmann
|
| 260 |
|
|
|a [Bratislava] :
|b Szlovak Szépirodalmi Könyvkiadó,
|c 1963
|
| 300 |
|
|
|a 1 sv. (nestránkován) ;
|c 8°
|
| 700 |
1 |
|
|a Heinzelmann, Emma,
|d 1930-
|7 mzk2015864603
|4 aut
|
| 910 |
|
|
|a BOA001
|b 2-0505.446
|
| 990 |
|
|
|a BK
|
| 991 |
|
|
|b 201403
|
| 996 |
7 |
|
|b 2619049538
|c 2-0505.446
|l HP2
|r DEN
|n 0
|w 001409986
|u 000010
|a 1
|e BOA001
|j MZK50
|s A
|